The best k-pop albums on critics sites - Statistiques

Statistiques générales
  • Ce quiz a été pris 39 fois
  • Le résultat moyen est 15 sur 45
Statistiques - réponses
Musiboard
ranking
Artist Album % Correct
3 4.5/5 BTS The Most Beautiful Moment in Life : Young Forever
92%
5 4.4/5 BTS Love Yourself Tear
92%
12 4.3/5 BTS Dark & Wild
92%
13 4.3/5 BTS Wings
92%
9 80/100 Twice Feel Special
83%
8 3.57/5 Twice Formula of Love :O+T=<3
83%
11 79/100 EXO The War
63%
8 4.4/5 Red Velvet Perfect Velvet
50%
2 82/100 Red Velvet Perfect Velvet
50%
15 78/100 Red Velvet The ReVe Festival 2022
50%
3 3.65/5 Red Velvet Perfect Velvet
50%
12 3.54/5 Red Velvet The Red
50%
9 4.4/5 SHINee 1 of 1
29%
10 4.4/5 SHINee The Misconception Of Us
29%
15 4.3/5 SHINee The Misconception Of Me
29%
7 81/100 SHINee 1 of 1
29%
10 80/100 SHINee Odd
29%
4 3.65/5 SHINee 1 of 1
29%
7 3.61/5 SHINee Odd
29%
15 3.52/5 SHINee The Misconception Of You
29%
11 4.3/5 Billlie the Billage of perception: chapter three
21%
1 4.6/5 LOONA [XX]
21%
7 4.4/5 LOONA [++]
21%
5 81/100 LOONA [XX]
21%
12 79/100 LOONA [++]
21%
11 3.54/5 LOONA [XX]
21%
6 81/100 LOONA 1/3 Love & Evil
21%
6 3.62/5 LOONA 1/3 Love & Evil
21%
10 3.55/5 ARTMS Dall
17%
14 4.3/5 Dreamcatcher Dystopia : The Tree of Language
17%
14 3.52/5 Dreamcatcher Dystopia : The Tree of Language
17%
6 4.4/5 f(x) Pink Tape
17%
3 82/100 f(x) Pink Tape
17%
8 80/100 f(x) 4 Walls
17%
13 79/100 f(x) Red Light
17%
5 3.62/5 f(x) Pink Tape
17%
9 3.56/5 f(x) Red Light
17%
13 3.54/5 f(x) 4 Walls
17%
4 4.5/5 Wonder Girls Reboot
17%
4 82/100 Wonder Girls Reboot
17%
2 3.66/5 Wonder Girls Reboot
17%
2 4.5/5 Odd Eye Circle Max & Match
13%
1 82/100 Odd Eye Circle Max & Match
13%
1 3.81/5 Odd Eye Circle Max & Match
13%
14 78/100 tripleS LOVElution
13%
Aucun quiz correspondant
Distribution des résultats
% des personnes avec chaque résultat
Percentile par nombre de réponses
Votre historique - résultats
Vous n’avez pas pris ce quiz